ბათუმის შოთა რუსთაველის სახელმწიფო უნივერსიტეტის ბიბლიოთეკა

The Associate. (ბიბ.ჩანაწერი № 46103)

000 -LEADER
fixed length control field 00548nam a2200205Ia 4500
001 - CONTROL NUMBER
control field 12934
003 - CONTROL NUMBER IDENTIFIER
control field GE_BSU
008 - FIXED-LENGTH DATA ELEMENTS--GENERAL INFORMATION
fixed length control field 181216s||||||||xx |||||||||||||| ||und||
020 ## - INTERNATIONAL STANDARD BOOK NUMBER
International Standard Book Number 9780099502234
040 ## - CATALOGING SOURCE
Transcribing agency GE_BSU
080 ## - UNIVERSAL DECIMAL CLASSIFICATION NUMBER
Universal Decimal Classification number 821.111-312.4
100 ## - MAIN ENTRY--PERSONAL NAME
Personal name Grisham,John.
245 #4 - TITLE STATEMENT
Title The Associate.
245 ## - TITLE STATEMENT
Remainder of title It's a Deadly Game of Blackmail and They're Making Him Play.
260 ## - PUBLICATION, DISTRIBUTION, ETC.
Place of publication, distribution, etc. London.
260 ## - PUBLICATION, DISTRIBUTION, ETC.
Date of publication, distribution, etc. 2009
300 ## - PHYSICAL DESCRIPTION
Extent 483p;19cm.
653 ## - INDEX TERM--UNCONTROLLED
Uncontrolled term The Associate.It's a Deadly Game of Blackmail and They're Making Him Play.
942 ## - ADDED ENTRY ELEMENTS (KOHA)
Koha item type წიგნი
ეგზემპლარები
Withdrawn status Lost status Damaged status Not for loan Date acquired Barcode Date last seen Price effective from Koha item type
        2018-12-17 36352 2018-12-17 2018-12-17 წიგნი